000 01036 a2200181 4500
003 Nust
005 20221214123257.0
040 _cNust
082 _a301.082,TAG
100 _aHameed Taga,Abdul Prof
_92434
245 _aTheory & research in Sociology /
_cProf Abdul Hameed taga
260 _aLahore
_bimtiaz Book
_c2007
300 _a200, p.;
505 _aSocial Throught and Sociological Theory (Page-7), Imam Ghazali (Page-14), Allama Ibn-i-Khaldoon (Page-24), shah Wali Ullah (PAge-31), August Comte (Page-39), Emile Durkheim (PAge-47), Max Weber (Page-55), Research and its types (Page-64), The Scientific Method (Page-72), Application of the Scientific Method (Page-80), Theory and Research (Page-89), Techniques of data Collection (Page-147), Tools of Data Collection (Page-147), Tools of Data Collection (Page-159), Elementary Statistical Techniques (Page-166), Designs of Sociological Research (Page-195).
650 _aTheory & research in Sociology
_92435
651 _xSociology
_91199
942 _2ddc
_cBK
_k301.082,TAG
999 _c178379
_d178379